|
|
|
|
| LEADER |
00000nam0a2200000 4500 |
| 001 |
101411 |
| 005 |
20231101214350.0 |
| 035 |
|
|
|a (RuTPU)RU\TPU\book\109291
|
| 090 |
|
|
|a 101411
|
| 100 |
|
|
|a 20060911d1972 k y0rusy50 ca
|
| 101 |
0 |
|
|a rus
|
| 102 |
|
|
|a RU
|
| 105 |
|
|
|a a z 001zy
|
| 200 |
1 |
|
|a Геоморфология Западно-Сибирской равнины
|e объяснительная записка к Геоморфологической карте Западно-Сибирской равнины масштаба 1 : 1 500 000
|f Сибирский научно-исследовательский институт геологии, геофизики и минерального сырья (СНИИГГиМС) ; гл. ред. И. П. Варламов
|
| 210 |
|
|
|a Новосибирск
|c Западно-Сибирское книжное издательство
|d 1972
|
| 215 |
|
|
|a 111 с.
|c ил.
|e 8 карт
|
| 225 |
1 |
|
|a Труды Сибирского научно-исследовательского института геологии, геофизики и минерального сырья (СНИИГГиМС)
|v Вып. 134
|
| 316 |
|
|
|5 63413507: М-121605
|a Экземпляр с приложением
|
| 320 |
|
|
|a Библиогр.: с. 103-110.
|
| 606 |
1 |
|
|a Геоморфология региональная
|y Сибирь и Дальний Восток
|2 stltpush
|3 (RuTPU)RU\TPU\subj\69441
|9 84292
|
| 610 |
1 |
|
|a Россия
|
| 610 |
1 |
|
|a Западно-Сибирская низменность
|
| 610 |
1 |
|
|a карты
|
| 610 |
1 |
|
|a районирование
|
| 610 |
1 |
|
|a рельеф
|
| 610 |
1 |
|
|a выравнивание
|
| 675 |
|
|
|a 551.4(571)
|v 3
|
| 702 |
|
1 |
|a Варламов
|b И. П.
|4 651
|
| 712 |
0 |
2 |
|a Сибирский научно-исследовательский институт геологии, геофизики и минерального сырья (СНИИГГиМС)
|c (Новосибирск)
|2 stltpush
|3 (RuTPU)RU\TPU\col\322
|
| 801 |
|
1 |
|a RU
|b 63413507
|c 20060911
|g PSBO
|
| 801 |
|
2 |
|a RU
|b 63413507
|c 20200513
|g PSBO
|
| 942 |
|
|
|c BK
|